000 00857cam a2200253 a 4500
001 000018021
005 20200929165323.0
008 820309s1976 ve 000 p spa d
035 _a(DLC) 81112349
040 _aDO-SdBNP
_cDLC
_dDLC
082 _aV861.4
_bA795a
100 1 _aArvelo Larriva, Enriqueta
_d1886-1962.
_939071
245 1 0 _aAntología poética /
_cEnriqueta Arvelo Larriva ; selección y prefacio de Alfredo Silva Estrada.
260 _aCaracas :
_bMonte Ávila Editores,
_c[1976].
300 _a187 p. ;
_c20 cm.
490 1 _aAltazor
650 4 _aPoesía venezolana
_xColecciones
_99022
650 4 _aLiteratura venezolana
_xColecciones
_98890
650 4 _aLiteratura venezolana
_xSiglo xx
_939072
700 1 _aSilva Estrada, Alfredo.
_924781
830 0 _aAltazor ;
_98724
910 _aCatalogación por copia / LC
049 _aBNGR
999 _c17543
_d17543